000 00581cam a22002291 4500
001 sa 67004861
003 DLC
005 20260227112351.0
008 900209s1962 ii b 000 0 hino
010 _asa 67004861
035 _a(OCoLC)21027764
040 _aDLC
_cWaU
_dDLC
042 _apremarc
050 0 0 _aPK2098.V3
_bZ76
100 0 _aKumāra Vimala,
_d1932-
245 1 0 _aMahādevī Varmā.
260 _c1962.
300 _a2, 91, 3 p.
_c22 cm.
546 _aIn Hindi.
504 _aBibliography: p.[1]-3 (last group)
600 1 0 _aVarmā, Mahādevī,
_d1907-1987.
999 _c74817
_d74817